Avrupa Birliği'ne giriş süreci ve eğitimde vizyon 2023 (Record no. 5949)

MARC details
000 -BAŞLIK
Sabit Uzunlukta Kontrol Alanı 00670na a2200241 4500
001 - KONTROL NUMARASI
Denetim Alanı 19096
003 - KONTROL NUMARASI IDENTIFIER
Denetim Alanı MIRAKIL
005 - SON İŞLEM TARİHİ VE ZAMANI
Denetim Alanı 20181213155051.0
008 - SABİT-BOY VERİ ELEMANLARI - GENEL BİLGİLER
Sabit Uzunlukta Kontrol Alanı 170116b tu 000 0
020 ## - ULUSLARARASI STANDART KİTAP NUMARASI
Uluslararası Standart Kitap Numarası 9755918744
040 ## - KATALOGLAMA KAYNAK
Orijinal Kataloglama Ajansı Milas
Kataloglama Dili tur
Metne Dönüştürmek Ajansı TR-AnCHP
041 ## - DİL KODU
Metin / Ses Parça Veya Ayrı Başlığın Dil Kodu tur
082 ## - DEWEY ONLU SINIFLANDIRMA NUMARASI
Sınıflandırma Numarası 370.9561
Ürün Numarası T89a 2006
090 ## - SINIFLAMA NUMARASI
Sınıflama Numarası 370.9561 T89a 2006
100 ## - ANA GİRİŞ - KİŞİSEL İSİM
Kişisel Ad Tuzcu, Gökhan
245 ## - BAŞLIK TABLOSU
Başlık Avrupa Birliği'ne giriş süreci ve eğitimde vizyon 2023
Sorumluluk Tablosu, Vb Gökhan Tuzcu
260 ## - YAYIN, DAĞITIM, VB
Yayın, Dağıtım, Vb Yeri Ankara
Yayıncı, Dağıtıcı, Vs Adı Türk Eğitim Derneği
Yayın, Dağıtım, Vb Tarihi 2006
300 ## - FİZİKSEL TANIM
Kapsam 310 s.
Diğer Fiziksel Ayrıntıları tbl.
Boyutlar 24 sm.
500 ## - GENEL NOT
Genel Not Kaynakça var.
650 ## - KONU KATMA GİRİŞ - TOPİKAL DÖNEM
Topikal Süreli Veya Coğrafi Ad Giriş Elemanı Eğitim
Coğrafi Alt Bölümü Avrupa Birliği
650 ## - KONU KATMA GİRİŞ - TOPİKAL DÖNEM
Topikal Süreli Veya Coğrafi Ad Giriş Elemanı Eğitim
Coğrafi Alt Bölümü Türkiye
942 ## - EKLENDİ GİRİŞ ELEMANLARI (KOHA)
Sınıflandırma Veya Raf Düzeni Kaynak
Koha Öğesi Türü Books
999 ## - SİSTEM KONTROL NUMARALARI (KOHA)
Koha Biblionumber 5949
Koha Biblioitemnumber 5949
Holdings
Kalıcı Konum Mevcut Konum Edinme Tarihi Edinim Kaynak Toplam Check-Out'Lar Tam Çağrı Numarası Barkod Tarih Son Görülme İtibaren Geçerli Fiyatlar Koha Öğesi Türü
CHP Kütüphanesi CHP Kütüphanesi 12/08/2016 Bağış   370.9561 T89a 2006 010590 12/08/2016 12/08/2016 Books